[Event "Vsetin op 45th"]
[Site "Vsetin"]
[Date "2020.07.05"]
[Round "2"]
[White "Kratochvil, Josef"]
[Black "Krizek, Krystof"]
[Result "1-0"]
[WhiteElo "2275"]
[BlackElo "1898"]
[PlyCount "115"]
[EventDate "2020.07.04"]
[EventType "swiss"]
[EventRounds "9"]
[EventCountry "CZE"]
[SourceTitle "CBM 197 Extra"]
[Source "ChessBase"]
[SourceDate "2020.09.30"]
[SourceVersion "1"]
[SourceVersionDate "2020.09.30"]
[SourceQuality "1"]

1. e4 e5 2. Nf3 Nc6 3. Bb5 a6 4. Ba4 Nf6 5. 0-0 Be7 6. Re1 b5 7. Bb3 0-0 8. d4 d6 9. c3 Bg4 10. d5 Nb8 11. h3 Bh5 12. Nbd2 Bg6 13. a4 Nbd7 14. Bc2 Qb8 15. Nf1 Nc5 16. Ng3 Nfd7 17. h4 h6 18. h5 Bh7 19. Nh2 Nxa4 20. Bxa4 bxa4 21. Bxh6 f5 22. Bc1 f4 23. Ngf1 Nc5 24. Qf3 Qe8 25. Nd2 g5 26. b4 axb3 27. Ba3 Kh8 28. Bxc5 dxc5 29. Nxb3 Bg8 30. Na5 Bf7 31. Nc6 Bd6 32. Qg4 Bxh5 33. Qxg5 Qg6 34. Qxg6 Bxg6 35. Nf3 Rfe8 36. Ra4 Kg7 37. Rea1 Kf6 38. Nd2 Rg8 39. f3 Be8 40. Rxa6 Bxc6 41. dxc6 Rab8 42. Nc4 Ke6 43. Rd1 Rbd8 44. Rd5 Rg7 45. Nxe5 Rb8 46. Nc4 Rb1+ 47. Kf2 Rc1 48. Rd2 Rxc3 49. Nxd6 cxd6 50. c7 Rxc7 51. Rdxd6+ Ke7 52. Rh6 Kd7 53. e5 Rc2+ 54. Kg1 Kc8 55. Rab6 Rg7 56. Ra6 Kd7 57. e6+ Ke7 58. Ra7+ 1-0

[Event "CZE-chT1E 1920"]
[Site "Czech Republic"]
[Date "2020.06.14"]
[Round "11.1"]
[White "Babula, Vlastimil"]
[Black "Kratochvil, Josef"]
[Result "1-0"]
[WhiteElo "2559"]
[BlackElo "2294"]
[PlyCount "105"]
[EventDate "2019.10.20"]
[EventType "team-tourn"]
[EventRounds "11"]
[EventCountry "CZE"]
[SourceTitle "EXT 2021"]
[Source "ChessBase"]
[SourceDate "2020.10.23"]
[SourceVersion "1"]
[SourceVersionDate "2020.10.23"]
[SourceQuality "1"]
[WhiteTeam "Stare Mesto"]
[BlackTeam "Gordic"]
[WhiteTeamCountry "CZE"]
[BlackTeamCountry "CZE"]

1. d4 g6 2. c4 Bg7 3. e4 c5 4. d5 e6 5. Nc3 exd5 6. cxd5 d6 7. Nf3 a6 8. a4 Bg4 9. Be2 Bxf3 10. Bxf3 Nd7 11. 0-0 Ngf6 12. Bf4 Qe7 13. Re1 0-0 14. Qd2 Rab8 15. Rab1 b5 16. axb5 axb5 17. b4 c4 18. Ra1 Ne5 19. Be2 Nh5 20. Bg5 Bf6 21. Be3 Qd7 22. Ra7 Qc8 23. Ra5 Ng4 24. Bd4 Bxd4 25. Qxd4 Nf4 26. Rxb5 Rxb5 27. Nxb5 Nxe2+ 28. Rxe2 Qb8 29. Nc3 Qxb4 30. Re1 Rc8 31. Rb1 Qa5 32. f4 Qd8 33. h3 Nf6 34. e5 Ne8 35. Ne4 Qc7 36. Rc1 h6 37. Rc3 Qe7 38. Kh1 Kh7 39. exd6 Nxd6 40. Nf6+ Kh8 41. Ne8+ f6 42. Re3 Qf8 43. Nxd6 Qxd6 44. Re6 Qf8 45. Rc6 Kg7 46. Qxc4 Rd8 47. Rc7+ Kh8 48. Qe4 Qd6 49. Re7 Rg8 50. Re6 Qd8 51. d6 Kh7 52. Re7+ Rg7 53. Qb7 1-0

[Event "CZE-chT1E 1920"]
[Site "Czech Republic"]
[Date "2020.06.13"]
[Round "10.1"]
[White "Kratochvil, Josef"]
[Black "Jasny, Stanislav"]
[Result "1-0"]
[WhiteElo "2294"]
[BlackElo "2326"]
[PlyCount "55"]
[EventDate "2019.10.20"]
[EventType "team-tourn"]
[EventRounds "11"]
[EventCountry "CZE"]
[SourceTitle "EXT 2021"]
[Source "ChessBase"]
[SourceDate "2020.10.23"]
[SourceVersion "1"]
[SourceVersionDate "2020.10.23"]
[SourceQuality "1"]
[WhiteTeam "Gordic"]
[BlackTeam "Frydek Mistek II"]
[WhiteTeamCountry "CZE"]
[BlackTeamCountry "CZE"]

1. e4 c5 2. Nf3 e6 3. d4 cxd4 4. Nxd4 Nf6 5. Nc3 d6 6. Be3 Be7 7. f4 0-0 8. Qf3 e5 9. Nf5 Bxf5 10. exf5 Nc6 11. 0-0-0 Qa5 12. g4 e4 13. Qh3 Nb4 14. g5 Nfd5 15. Nxd5 Nxd5 16. f6 gxf6 17. Qf5 Qxa2 18. Rxd5 Rfc8 19. Qxe4 f5 20. Qxf5 Bf8 21. Bd4 Bg7 22. Bxg7 Kxg7 23. Bg2 Rc4 24. Ra5 Qb3 25. Kb1 Qe3 26. Qf6+ Kg8 27. Rf5 Rf8 28. Bd5 1-0

[Event "CZE-chT1E 1920"]
[Site "Czech Republic"]
[Date "2020.02.16"]
[Round "8.4"]
[White "Kratochvil, Josef"]
[Black "Veres, Andrej"]
[Result "1/2-1/2"]
[WhiteElo "2294"]
[BlackElo "2237"]
[PlyCount "50"]
[EventDate "2019.10.20"]
[EventType "team-tourn"]
[EventRounds "11"]
[EventCountry "CZE"]
[SourceTitle "CBM 195 Extra"]
[Source "ChessBase"]
[SourceDate "2020.05.31"]
[SourceVersion "1"]
[SourceVersionDate "2020.05.31"]
[SourceQuality "1"]
[WhiteTeam "Gordic"]
[BlackTeam "Vsetin"]
[WhiteTeamCountry "CZE"]
[BlackTeamCountry "CZE"]

1. e4 e5 2. Nf3 Nc6 3. d4 exd4 4. Nxd4 Nf6 5. Nc3 Bb4 6. Nxc6 bxc6 7. Bd3 d5 8. exd5 cxd5 9. 0-0 0-0 10. Bg5 c6 11. Qf3 Bd6 12. h3 Rb8 13. Rab1 Re8 14. Ne2 Be5 15. b3 Qa5 16. Ng3 Ba6 17. Bxa6 Qxa6 18. Rbe1 Ne4 19. Bf4 Bxf4 20. Qxf4 Qxa2 21. Ra1 Qxc2 22. Rxa7 Rf8 23. Nf5 Qd2 24. Qg4 Qg5 25. Qxg5 Nxg5 1/2-1/2

[Event "CZE-chT2E 1920"]
[Site "Czech Republic"]
[Date "2019.10.13"]
[Round "1.2"]
[White "Krejca, Jakub"]
[Black "Kratochvil, Josef"]
[Result "1-0"]
[WhiteElo "2132"]
[BlackElo "2294"]
[PlyCount "69"]
[EventDate "2019.10.13"]
[EventType "team-tourn"]
[EventRounds "11"]
[EventCountry "CZE"]
[SourceTitle "EXT 2024"]
[Source "ChessBase"]
[SourceDate "2023.10.10"]
[SourceVersion "1"]
[SourceVersionDate "2023.10.10"]
[SourceQuality "1"]
[WhiteTeam "Zlin"]
[BlackTeam "Lipovec Garde"]
[WhiteTeamCountry "CZE"]
[BlackTeamCountry "CZE"]

1. e4 c5 2. Nf3 e6 3. d4 cxd4 4. Nxd4 a6 5. Bd3 Nf6 6. 0-0 Qc7 7. Qe2 d6 8. Nc3 Nbd7 9. Bd2 Be7 10. Kh1 b6 11. f4 Bb7 12. Rae1 Nc5 13. e5 Nfd7 14. Ne4 Bxe4 15. Bxe4 Nxe4 16. Qxe4 d5 17. Qe2 g6 18. f5 gxf5 19. Nxf5 exf5 20. e6 fxe6 21. Qxe6 Nc5 22. Qxf5 Ra7 23. Bg5 Ne4 24. Qf7+ Kd8 25. Qxd5+ Qd6 26. Qxe4 Bxg5 27. Rd1 Bd2 28. Rf2 Re8 29. Qh4+ Kc8 30. Rfxd2 Qe7 31. Qg4+ Kb8 32. h3 Rc7 33. Qg3 Ka7 34. Re2 Rd7 35. Rxe7 1-0

[Event "CZE-chT1E 1819"]
[Site "Czech Republic"]
[Date "2019.02.03"]
[Round "7.4"]
[White "Zeberski, Jakub"]
[Black "Kratochvil, Josef"]
[Result "1/2-1/2"]
[WhiteElo "2340"]
[BlackElo "2326"]
[PlyCount "82"]
[EventDate "2018.10.21"]
[EventType "team-tourn"]
[EventRounds "11"]
[EventCountry "CZE"]
[SourceTitle "CBM 188 Extra"]
[Source "ChessBase"]
[SourceDate "2019.02.26"]
[SourceVersion "1"]
[SourceVersionDate "2019.02.26"]
[SourceQuality "1"]
[WhiteTeam "Rychnov nad Kneznou"]
[BlackTeam "Gordic"]
[WhiteTeamCountry "CZE"]
[BlackTeamCountry "CZE"]

1. e4 c5 2. Nf3 d6 3. Bb5+ Bd7 4. Bxd7+ Qxd7 5. c4 Nf6 6. Nc3 Nc6 7. d4 cxd4 8. Nxd4 g6 9. b3 Bg7 10. Bb2 0-0 11. 0-0 a6 12. Nxc6 Qxc6 13. Nd5 Nxd5 14. exd5 Qc5 15. Bxg7 Kxg7 16. a4 b5 17. Qf3 Rab8 18. cxb5 axb5 19. a5 Rfc8 20. Rfe1 Rc7 21. h4 b4 22. h5 Qc3 23. h6+ Kf8 24. Qe4 Qd2 25. a6 f5 26. Qh4 Qxd5 27. a7 Ra8 28. Qxb4 Rb7 29. Qc3 e5 30. Red1 Qc5 31. Qxc5 dxc5 32. Ra5 Raxa7 33. Rxc5 Rxb3 34. Rxe5 Kf7 35. Rd8 Rb4 36. g3 f4 37. g4 f3 38. g5 Rh4 39. Rd1 Raa4 40. Rd7+ Kf8 41. Rd8+ Kf7 1/2-1/2

[Event "CZE-chT2E 1819"]
[Site "Czech Republic"]
[Date "2019.01.27"]
[Round "7.3"]
[White "Kratochvil, Josef"]
[Black "Bazant, Petr Sr"]
[Result "1/2-1/2"]
[WhiteElo "2325"]
[BlackElo "2234"]
[PlyCount "33"]
[EventDate "2018.10.14"]
[EventType "team-tourn"]
[EventRounds "11"]
[EventCountry "CZE"]
[SourceTitle "EXT 2022"]
[Source "ChessBase"]
[SourceDate "2021.10.06"]
[SourceVersion "1"]
[SourceVersionDate "2021.10.06"]
[SourceQuality "1"]
[WhiteTeam "Lipovec Garde"]
[BlackTeam "Stare Mesto II"]
[WhiteTeamCountry "CZE"]
[BlackTeamCountry "CZE"]

1. Nf3 Nf6 2. g3 g6 3. Bg2 Bg7 4. 0-0 0-0 5. d3 d5 6. Nbd2 c5 7. e4 dxe4 8. dxe4 Nc6 9. Qe2 Qc7 10. c3 Nd7 11. Rd1 Nde5 12. Nc4 Bg4 13. Bf4 Rad8 14. h3 Bxf3 15. Bxf3 Rxd1+ 16. Rxd1 Rd8 17. Nxe5 1/2-1/2

[Event "CZE-chT1E 1819"]
[Site "Czech Republic"]
[Date "2018.12.09"]
[Round "4.3"]
[White "Kratochvil, Josef"]
[Black "Husek, Martin"]
[Result "1-0"]
[WhiteElo "2326"]
[BlackElo "2134"]
[PlyCount "65"]
[EventDate "2018.10.21"]
[EventType "team-tourn"]
[EventRounds "11"]
[EventCountry "CZE"]
[SourceTitle "CBM 187 Extra"]
[Source "ChessBase"]
[SourceDate "2018.11.04"]
[SourceVersion "1"]
[SourceVersionDate "2018.11.04"]
[SourceQuality "1"]
[WhiteTeam "Gordic"]
[BlackTeam "Stare Mesto"]
[WhiteTeamCountry "CZE"]
[BlackTeamCountry "CZE"]

1. e4 c5 2. Nf3 Nc6 3. Nc3 e6 4. d4 cxd4 5. Nxd4 Qc7 6. Be3 a6 7. Be2 b5 8. 0-0 Bb7 9. a3 Nf6 10. Kh1 Na5 11. Qd3 Rc8 12. f4 Nc4 13. Bc1 d5 14. exd5 exd5 15. Bf3 Nd6 16. Bd2 Nde4 17. Nf5 g6 18. Ne3 Nxd2 19. Qxd2 Be7 20. Ncxd5 Nxd5 21. Nxd5 Bxd5 22. Bxd5 Qxc2 23. Qe3 Qc5 24. Qb3 0-0 25. f5 Rcd8 26. Bxf7+ Kg7 27. fxg6 hxg6 28. Rae1 Qg5 29. Re6 Rd6 30. Qc3+ Bf6 31. Rfxf6 Rxf7 32. Rxf7+ Kxf7 33. Rxd6 1-0

[Event "CZE-chT2E 1819"]
[Site "Czech Republic"]
[Date "2018.11.18"]
[Round "3.3"]
[White "Babula, Milan"]
[Black "Kratochvil, Josef"]
[Result "1/2-1/2"]
[WhiteElo "2228"]
[BlackElo "2325"]
[PlyCount "118"]
[EventDate "2018.10.14"]
[EventType "team-tourn"]
[EventRounds "11"]
[EventCountry "CZE"]
[SourceTitle "EXT 2022"]
[Source "ChessBase"]
[SourceDate "2021.10.06"]
[SourceVersion "1"]
[SourceVersionDate "2021.10.06"]
[SourceQuality "1"]
[WhiteTeam "Vlcnov"]
[BlackTeam "Lipovec Garde"]
[WhiteTeamCountry "CZE"]
[BlackTeamCountry "CZE"]

1. e4 c5 2. Nf3 e6 3. d4 cxd4 4. Nxd4 a6 5. Bd3 Nf6 6. 0-0 Qc7 7. c4 d6 8. Nc3 Be7 9. f4 Nbd7 10. Kh1 b6 11. b3 Bb7 12. Bb2 g6 13. Qe2 h5 14. Rac1 h4 15. Rf3 Rc8 16. Qe3 Qb8 17. Rh3 Nc5 18. Bb1 Rh5 19. Re1 e5 20. fxe5 dxe5 21. Nf3 Ne6 22. Rxh4 Bc5 23. Qd2 Nd4 24. Rxh5 Nxh5 25. Nd5 Nxf3 26. gxf3 f6 27. b4 Bf8 28. Bd3 Qd6 29. a3 Kf7 30. Rg1 Bxd5 31. cxd5 b5 32. Rc1 Rxc1+ 33. Bxc1 Nf4 34. Qc2 Qb6 35. Bf1 Qd4 36. Bxf4 exf4 37. Bh3 Bd6 38. Kg2 Kg7 39. Be6 Kh6 40. Qf2 Qa1 41. Qh4+ Kg7 42. Qg4 Qb2+ 43. Kh3 Qf2 44. Qg2 Qxg2+ 45. Kxg2 Be5 46. Bc8 Bb2 47. Bxa6 Bxa3 48. d6 Bxb4 49. d7 Be7 50. Bxb5 Bd8 51. Kh3 Kf7 52. Kg4 Ke7 53. h4 Bc7 54. Ba4 Bb8 55. Bb3 Kxd7 56. Bf7 Ke7 57. Bxg6 Kf8 58. Kf5 Kg7 59. h5 Be5 1/2-1/2